Normal view
MARC view
- P. S. Sastri
Entry Personal Name
001 - CONTROL NUMBER
- control field: 4990
003 - CONTROL NUMBER IDENTIFIER
- control field: OSt
005 - DATE AND TIME OF LATEST TRANSACTION
- control field: 20221128013030.0
008 - FIXED-LENGTH DATA ELEMENTS
- fixed length control field: 221128|| aca||aabn | a|a d
040 ## - CATALOGING SOURCE
- Original cataloging agency: OSt
- Transcribing agency: OSt
100 ## - HEADING--PERSONAL NAME
- Personal name: P. S. Sastri
670 ## - SOURCE DATA FOUND
- Source citation: Work cat.: (OSt)3768: Sastri, P. S. 4989, Walden and Civil Disobedience :
